Statistiken für Tierskelette

Klicken Sie hier um das Quiz zu spielen!

Allgemein

  • Dieses Quiz wurde 632 mal gespielt
  • Das Durchschnittsergebnis liegt bei 10 aus 17

Antwortstatistiken

Antwort% Korrekt
Elefant
98%
Strauß
97%
Affe
93%
Kuh
91%
Giraffe
90%
Nilpferd
72%
Kamel
65%
Rochen
59%
Pinguin
57%
Delfin
56%
Robbe
53%
Biber
52%
Klapperschlange
33%
Gepard
27%
Igel
13%
Kasuar
8%
Vielfraß
6%

Verteilung der Resultate

Perzentil nach korrekt beantworteten Fragen

Anzahl Personen mit jedem Resultat

Ihre Resultats-Entwicklung

Sie haben dieses Quiz noch nicht gespielt